| 000 | 00840nam a22002177a 4500 | ||
|---|---|---|---|
| 005 | 20130725115035.0 | ||
| 008 | 130725b2013ck xxu||||| |||| 00| 0 spa d | ||
| 020 | _a9789588554242 | ||
| 041 | _aspa | ||
| 044 | _ack | ||
| 082 |
_a599 _bT86d |
||
| 245 |
_aDiagnóstico del estado de conocimiento y conservación de los mamíferos acuáticos en Colombia. _ceditado por Trujillo, Fernando ...[et al]. |
||
| 260 |
_aBogotá _bMinisterio de Ambiente y Desarrollo Sostenible, _bFundación Omacha, _bConservación Internacional, _bWWF, _c2013 |
||
| 300 |
_a312 p. _bil., mapas. _c24 cm. |
||
| 650 | 6 |
_aMamiferos _zColombia _91004 |
|
| 650 | 6 |
_aMamíferos acuáticos _zColombia _91005 |
|
| 700 |
_aGärtner, Alexandra _eed _91009 |
||
| 700 |
_aCaicedo, Dalila _eed _91010 |
||
| 700 |
_aDiazgranados, María Claudia _eed _91011 |
||
| 942 |
_2ddc _cIMPRESO |
||
| 999 |
_c7464 _d7464 |
||